00642nam a2200217 450000500170000001000120001702000370002902000180006602000180008403700240010208200070012610000250013324500460015825000070020426000430021127000970025430000270035149000100037894200170038899900190040520260227120713.0 aBACEN26 a9789347377624c4500.00(Set of 3) a9789347377556 a9789347377105 bEss Ess Publication 223 aSehgal, R.L. 987655 aDewey Decimal Classification/cR.L.Sehgal a23 aNew DelhibEss Ess Publications c2026 a4831/24, Ansari Road Daryaganj,bNew Delhie110002k6399373993messesspublications@gmail.com a874p.bIndexc22cm(hb) v1,2,3 2ddccENmSEH c215098d215098